Statistics for Guess The Directors From The Movies

Click here to take the quiz!

General Stats

  • This quiz has been taken 48 times
    (31 since last reset)
  • The average score is 18 of 26

Answer Stats

HintAnswer% Correct
The Dark Knight, Inception, TenetChristopher Nolan
100%
Django Unchained, Pulp Fiction, Once Upon A Time In HollyWoodQuentin Tarantino
100%
Goodfellas, Taxi Driver, The Wolf Of Wall StreetMartin Scorsese
96%
The Shining, 2001: A Space Odyssey, A Clockwork OrangeStanley Kubrick
93%
Jaws, Saving Private Ryan, Indiana JonesSteven Spielberg
93%
Psycho, Rear Window, VertigoAlfred Hitchcock
89%
Seven, Fight Club, ZodiacDavid Fincher
85%
Batman, Edward ScissorHands, Corpse Bride,Tim Burton
85%
Titanic, Terminator, AvatarJames Cameron
81%
The Godfather, Apocalypse Now, The OutsideresFrancis Ford Coppola
78%
Modern Times, The Great Dictator, The KidCharlie Chaplin
74%
King Kong, Lord Of The Rings, Bad TastePeter Jackson
74%
Gladiator, Aliens, Blade RunnerRidley Scott
74%
Mulholland Drive, Dune (1984), Blue VelvetDavid Lynch
70%
Annie Hall, Manhattan, Midnight in ParisWoody Allen
70%
Citizen Kane, A Touch Of Evil, The Third ManOrson Welles
67%
Gran Torino, Mystic River, The MuleClint Eastwood
59%
The Shawshank Redemption, The Green Mile, The MistFrank Darabont
59%
Ambulance, Transformers, ArmageddonMichael Bay
52%
Spiderman, The Evil Dead, Drag Me To HellSam Raimi
52%
Scream, Nightmare on Elm Street, CursedWes Craven
52%
Last Night In Soho, Baby Driver, Hot FuzzEdgar Wright
44%
Uncle Buck, The Breakfast Club, Ferris Buelers Day OffJon Hughes
37%
Oceans 11, Magic Mike, TrafficSteven Soderbergh
37%
The Batman, Rise Of The Planet Of The Apes, CloverfieldMatt Reeves
30%
Predator, Die Hard, Last Action HeroJohn McCtiernan
0%

Score Distribution

Percentile by Number Answered

Percent of People with Each Score

Your Score History

You have not taken this quiz since the last reset